LEADER 01044nam0-22003011i-450- 001 990007534520403321 005 20070615125019.0 035 $a000753452 035 $aFED01000753452 035 $a(Aleph)000753452FED01 035 $a000753452 100 $a20030814f19781988km-y0itay50------ba 101 0 $aita 102 $aIT 105 $ay-------001yy 200 1 $a<>contributo dei geografi italiani sul problema della salute e della organizzazione territoriale dei servizisanitari$fPaola Morelli 210 $aTorino$cGiappichelli$ds. d. 215 $ap. 179 - 183$d25 cm 300 $aEstr. da: Geografia democratica : l'inchiesta sul terreno in Geografia 610 0 $aItalia$aSanità 700 1$aMorelli,$bPaola$032965 801 0$aIT$bUNINA$gRICA$2UNIMARC 901 $aBK 912 $a990007534520403321 952 $aMISC.M-0186$bIst. s.i.$fILFGE 959 $aILFGE 996 $aContributo dei geografi italiani sul problema della salute e della organizzazione territoriale dei servizisanitari$9685024 997 $aUNINA LEADER 02900nas 2200757-a 450 001 996336185903316 005 20240413022813.0 035 $a(CKB)110978978384121 035 $a(CONSER)sn-92003415- 035 $a(EXLCZ)99110978978384121 100 $a19920810b1992199u --- a 101 0 $aeng 181 $ctxt$2rdacontent 182 $cc$2rdamedia 183 $acr$2rdacarrier 200 00$aMultimedia week $ethe executive report on business opportunities in the multimedia marketplace 210 $aPotomac, MD $cPhillips Business Information$d[1992- 215 $a1 online resource 300 $aTitle from caption. 300 $aSubtitle varies. 311 08$aPrint version: Multimedia week : 1064-6639 (DLC)sn 92003415 (OCoLC)26368110 531 0 $aMultimed. week 606 $aMultimedia systems industry$zUnited States$vPeriodicals 606 $aMultimedia systems$vPeriodicals 606 $aInteractive multimedia$vPeriodicals 606 $aInteractive computer systems$vPeriodicals 606 $aComputer industry$vPeriodicals 606 $aComputer graphics equipment industry$vPeriodicals 606 $aInformatique$xIndustrie$vPériodiques 606 $aMultimédias interactifs$vPériodiques 606 $aInfographie$xAppareils et matériel$xIndustrie$vPériodiques 606 $aMultimédia$xIndustrie$zÉtats-Unis$vPériodiques 606 $aMultimédia$vPériodiques 606 $aSystèmes conversationnels (Informatique)$vPériodiques 606 $aComputer industry$2fast$3(OCoLC)fst00872154 606 $aComputer graphics equipment industry$2fast$3(OCoLC)fst00872149 606 $aInteractive computer systems$2fast$3(OCoLC)fst00975980 606 $aInteractive multimedia$2fast$3(OCoLC)fst00975995 606 $aMultimedia systems$2fast$3(OCoLC)fst01028920 606 $aMultimedia systems industry$2fast$3(OCoLC)fst01028940 607 $aUnited States$2fast 608 $aPeriodicals.$2fast 615 0$aMultimedia systems industry 615 0$aMultimedia systems 615 0$aInteractive multimedia 615 0$aInteractive computer systems 615 0$aComputer industry 615 0$aComputer graphics equipment industry 615 6$aInformatique$xIndustrie 615 6$aMultimédias interactifs 615 6$aInfographie$xAppareils et matériel$xIndustrie 615 6$aMultimédia$xIndustrie 615 6$aMultimédia 615 6$aSystèmes conversationnels (Informatique) 615 7$aComputer industry. 615 7$aComputer graphics equipment industry. 615 7$aInteractive computer systems. 615 7$aInteractive multimedia. 615 7$aMultimedia systems. 615 7$aMultimedia systems industry. 676 $a338 906 $aJOURNAL 912 $a996336185903316 920 $aexl_impl conversion 996 $aMultimedia week$92369039 997 $aUNISA